书目信息 |
| 题名: |
体育译文
|
|
| 作者: | ;人民体育出版社 编辑 | |
| 分册: | 2 | |
| 出版信息: | 北京 编者 1977 |
|
| 页数: | 383页 | |
| 开本: | 19cm | |
| 丛书名: | ||
| 单 册: | ||
| 中图分类: | G8-53 | |
| 科图分类: | ||
| 主题词: | 体育--文集 | |
| 电子资源: | ||
| ISBN: | 7015.1595 | |
| 000 | 00617nam0 2200229 450 | |
| 001 | 0177001295 | |
| 005 | 20100712215243.0 | |
| 010 | @a7015.1595@dCNY1.28 | |
| 091 | @a7015.1595@d¥1.28 | |
| 100 | @a19950928d1977 emky0chiy0110 ea | |
| 101 | 1 | @achi |
| 102 | @aCN@b110000 | |
| 105 | @ay z 000yy | |
| 106 | @ar | |
| 200 | 1 | @a体育译文@9Ti Yu;Yo Yi Wen @f人民体育出版社编辑@h2 |
| 210 | @a北京@c编者@d1977 | |
| 215 | @a383页@d19cm | |
| 606 | 0 | @a体育@x文集 |
| 690 | @aG8-53@v3 | |
| 711 | 02 | @a人民体育出版社@9ren min ti yu chu ban she@4编辑 |
| 801 | 0 | @aCN@bAzMarc@c20130904 |
| 905 | @aBZT@dG8@e79:2@f1@sG8/79:2 | |
| 体育译文/人民体育出版社编辑.2.-北京:编者,1977 |
| 383页;19cm |
| ISBN 7015.1595:CNY1.28 |
| ● |
| 相关链接 |
|
|
|
正题名:体育译文
索取号:G8/79:2
 
预约/预借
| 序号 | 登录号 | 条形码 | 馆藏地/架位号 | 状态 | 备注 |
| 1 | 2000125243 | 2000125243 | 旧书回溯/ [索取号:G8/79:2] | 在馆 |